000 00902nam a22002414a 4500
005 2009070805295.0
008 050715s2006 ilua b 000 0 eng
010 _aENG-94339
020 _a978812033875
_c350.00
035 _aEN-77872
037 _bDBAD / PUB
040 _adpl
_bEnglish
082 _a627.52
100 _aDas, Madan Mohan
245 _aIrrigation and water power engineering /
_cby Madan Mohan Das [and] Mimi Das Saikia
260 _aNew Delhi
_bPHI Learning
_c2009
270 _aM-97 Connaught Circus
_bNew Delhi
_e110001
300 _axviii, 425p.
_c25cm(pbk)
500 _aIncludes references and index
700 _aMimi Das Saikia
942 _2ddc
_cEN
_mDAS
_h627.52
999 _c28095
_d28095